书目信息 |
| 题名: |
建筑设备工程管道工实用技术
|
|
| 作者: | 姜湘山 , 蒋白懿 主编 | |
| 分册: | ||
| 出版信息: | 北京 机械工业出版社 2006.08 |
|
| 页数: | 259页 | |
| 开本: | 26cm | |
| 丛书名: | 管道工实用技术丛书 | |
| 单 册: | ||
| 中图分类: | TU81 | |
| 科图分类: | ||
| 主题词: | 房屋建筑设备--fang wu jian zhu she bei--管道施工 | |
| 电子资源: | ||
| ISBN: | 7-111-19271-0 | |
| 000 | 01064nam 2200253 450 | |
| 001 | 012006173031 | |
| 005 | 20091119155958.96 | |
| 010 | @a7-111-19271-0@dCNY26.00 | |
| 100 | @a20061106d2006 km y0chiy0120 ea | |
| 101 | 0 | @achi |
| 102 | @aCN@b110000 | |
| 105 | @aa z 000yy | |
| 200 | 1 | @a建筑设备工程管道工实用技术@Ajian zhu she bei gong cheng guan dao gong shi yong ji shu@f姜湘山, 蒋白懿主编@Fjiang xiang shan,jiang bai yi zhu bian |
| 210 | @a北京@c机械工业出版社@d2006.08 | |
| 215 | @a259页@c图@d26cm | |
| 225 | 2 | @a管道工实用技术丛书@Aguan dao gong shi yong ji shu cong shu |
| 330 | @a本书较详细地介绍了建筑内的生活给水系统、生活热水系统、热水供暖系统、生活排水系统、屋面雨水排水系统、中水系统、燃气系统的管道与设备的安装技术,同时也介绍了建筑内管道工程质量验收和日常维护管理知识。 | |
| 410 | 0 | @12001 @a管道工实用技术丛书 |
| 606 | 0 | @a房屋建筑设备@Afang wu jian zhu she bei@x管道施工 |
| 690 | @aTU81@v4 | |
| 701 | 0 | @a姜湘山@Ajiang xiang shan@4主编 |
| 701 | 0 | @a蒋白懿@Ajiang bai yi@4主编 |
| 801 | 0 | @aCN@c20091119 |
| 905 | @a10447@dTU81@eJ5301 | |
| 建筑设备工程管道工实用技术/姜湘山, 蒋白懿主编.-北京:机械工业出版社,2006.08 |
| 259页:图;26cm.-(管道工实用技术丛书) |
| ISBN 7-111-19271-0:CNY26.00 |
| 本书较详细地介绍了建筑内的生活给水系统、生活热水系统、热水供暖系统、生活排水系统、屋面雨水排水系统、中水系统、燃气系统的管道与设备的安装技术,同时也介绍了建筑内管道工程质量验收和日常维护管理知识。 |
| ● |
| 相关链接 |
|
|
|
正题名:建筑设备工程管道工实用技术
索取号:TU81/J5301
 
预约/预借
| 序号 | 登录号 | 条形码 | 馆藏地/架位号 | 状态 | 备注 |
| 1 | 225665 | 202256655 | 建筑库201/201建筑库 49排5列4层/ [索取号:TU81/J5301] | 在馆 | |
| 2 | 225666 | 202256664 | 建筑库201/201建筑库 49排5列4层/ [索取号:TU81/J5301] | 在馆 | |
| 3 | 225667 | 202256673 | 建筑库201/201建筑库 49排5列4层/ [索取号:TU81/J5301] | 在馆 |